000 00723nam a2200241Ia 4500
003 OSt
005 20220924132623.0
006 a|||||r|||| 00| 0
007 ta
008 220923b |||||||| |||| 00| 0 san d
024 _a74735
037 _cTextual
040 _aARTS
_cARTS
_bsan
041 _2san
_asan
082 _aR641xJ50:1, 15K7 (P15)
100 _aDikshitar Appayya
_9204605
245 0 _aVidhi rasayan with the comm Sukhopayojini ed by A Subrahmanay Sastri
260 _c1967
490 _aReprinting of important out of print sanskrit book series; 1
650 _aBHATT MIMAMSA
942 _hR641xJ50:1, 15K7 (P15)
_cTEXL
_2CC
999 _c430886
_d430886